=LDR 00000nam 2200000 4500 =001 INLIS000000000029317 =005 20130612131547 =008 ***********************************Ind** =035 ##$$0010-061300000029317 =041 ##$$a Ind =082 ##$$a 364.153 =090 ##$$a 364.153, Abr p =100 ##$$a Abrar, Ana Nadhya =245 ##$$a Pelecehan dan kekerasan seksual, analisis isi surat kabar Indonesia, Ana Nadhya Abrar =260 ##$$a 1997 $b Yogyakarta =300 ##$$a xvi, 84 hlm, ilus, 25 cm =650 ##$$a Pelecehan seksual =850 ##$$a NBPNMAT